Statistics for Countries of the World without the Letter "L" on a map

Click here to take the quiz!

General Stats

  • This quiz has been taken 312 times
  • The average score is 121 of 133

Answers on the Map

Answers color-coded by a green-red scale on the quiz's map according to % correct below.
 

Answer Stats

Country% Correct
Canada
98%
Mexico
98%
United States
98%
France
97%
Russia
97%
Sweden
97%
United Kingdom
97%
Argentina
96%
China
96%
Cuba
96%
Denmark
96%
Ecuador
96%
Germany
96%
Norway
96%
Paraguay
96%
Peru
96%
Spain
96%
Uruguay
96%
Egypt
95%
India
95%
Morocco
95%
Panama
95%
South Africa
95%
Turkey
95%
Chad
94%
Costa Rica
94%
Greece
94%
Guyana
94%
Honduras
94%
Hungary
94%
Jamaica
94%
Japan
94%
Jordan
94%
Kazakhstan
94%
Madagascar
94%
North Korea
94%
Oman
94%
Saudi Arabia
94%
South Korea
94%
South Sudan
94%
Sudan
94%
Ukraine
94%
Yemen
94%
Afghanistan
93%
Estonia
93%
Ethiopia
93%
Haiti
93%
Indonesia
93%
Iran
93%
Iraq
93%
Nicaragua
93%
Pakistan
93%
Romania
93%
Suriname
93%
Turkmenistan
93%
Vietnam
93%
Austria
92%
Bahamas
92%
Croatia
92%
Kenya
92%
Mozambique
92%
Niger
92%
Nigeria
92%
Papua New Guinea
92%
Tajikistan
92%
United Arab Emirates
92%
Armenia
91%
Botswana
91%
Cambodia
91%
Comoros
91%
Cyprus
91%
Fiji
91%
Georgia
91%
Ghana
91%
Mauritania
91%
Myanmar
91%
North Macedonia
91%
Qatar
91%
Tunisia
91%
Uzbekistan
91%
Zambia
91%
Zimbabwe
91%
Azerbaijan
90%
Bhutan
90%
Bosnia and
Herzegovina
90%
Eritrea
90%
Guinea
90%
Kyrgyzstan
90%
Namibia
90%
Rwanda
90%
Serbia
90%
Syria
90%
Barbados
89%
Benin
89%
Burkina Faso
89%
Cameroon
89%
Djibouti
89%
Dominica
89%
Ivory Coast
89%
Kosovo
89%
Montenegro
89%
Taiwan
89%
Tanzania
89%
Uganda
89%
Cape Verde
88%
Kiribati
88%
Kuwait
88%
Mauritius
88%
Togo
88%
Vanuatu
88%
Bahrain
87%
Burundi
87%
Gabon
87%
Nauru
87%
Saint Kitts and Nevis
87%
Saint Vincent and the
Grenadines
87%
Tonga
87%
Andorra
86%
Guinea-Bissau
86%
Vatican City
86%
Antigua and Barbuda
85%
Eswatini
85%
Gambia
85%
Monaco
85%
Brunei
84%
Federated States of
Micronesia
84%
Samoa
84%
San Marino
84%
São Tomé and Príncipe
83%
Singapore
83%
East Timor
82%
Grenada
82%
Trinidad and Tobago
82%

Score Distribution

Percentile by Number Answered

Percent of People with Each Score

Your Score History

You have not taken this quiz